000 00773nam a2200217Ii 4500
003 JO-AjNU
008 230605s9999||||xx |||||||||||||| ||und||
017 _a2006/5/1317
040 _aJO-AjNU
_bara
_erda
_cJO-AjNU
041 _aara
050 1 4 _aPJ6127.Z39 2007
100 3 _aزايد، فهد خليل,
_eauthor
_911988
245 0 0 _aالإملاء والخط بين النظرية والتطبيق مع نماذج ودروس تطبيقية وأسئلة للمناقشة
250 _aط1
264 3 1 _aعمان: دار النفائس،2006
300 _a263ص
336 _atext
_btxt
_2rdacontent
337 _aunmediated
_bn
_2rdamedia
338 _avolume
_bnc
_2rdacarrier
650 4 _aاللغة العربية-الكتابة العربية-الحروف
_911989
999 _aA2606
_c6174
_d6174